Royals 2026 Opening Day Lineup - Statistics

General Stats
  • This quiz has been taken 10 times
  • The average score is 9 of 10
Answer Stats
Position Answer % Correct
SS Bobby Witt Jr.
100%
3B Maikel Garcia
100%
C Salvador Perez
100%
1B Vinnie Pasquantino
100%
DH Carter Jensen
86%
P Cole Ragans
86%
2B Jonathan India
86%
CF Lane Thomas
86%
LF Isaac Collins
71%
RF Starling Marte
57%
No matching quizzes found
Score Distribution
Percent of People with Each Score
Percentile by Number Answered
Your Score History
You have not taken this quiz